The physics of solar flares : (Record no. 150987)

MARC details
000 -LEADER
fixed length control field 01000nam a2200265 a 4500
008 - FIXED-LENGTH DATA ELEMENTS--GENERAL INFORMATION
fixed length control field
020 ## - INTERNATIONAL STANDARD BOOK NUMBER
International Standard Book Number 0854034447 (pbk.)
049 ## - LOCAL HOLDINGS (OCLC)
Holding library MAIN
090 01 - LOCALLY ASSIGNED LC-TYPE CALL NUMBER (OCLC); LOCAL CALL NUMBER (RLIN)
Classification number (OCLC) (R) ; Classification number, CALL (RLIN) (NR) QB460.527.7
003 - CONTROL NUMBER IDENTIFIER
control field
005 - DATE AND TIME OF LATEST TRANSACTION
control field 20230123133556.0
040 ## - CATALOGING SOURCE
Transcribing agency NUST
110 2# - MAIN ENTRY--CORPORATE NAME
Corporate name or jurisdiction name as entry element Royal Society (Great Britain).
Subordinate unit Discussion Meeting
Date of meeting or treaty signing (1991 March 13-14 :
Location of meeting London, England?).
245 14 - TITLE STATEMENT
Title The physics of solar flares :
Remainder of title proceedings of a Royal Society Discussion Meeting held on 13 and 14 March, 1991 /
Statement of responsibility, etc. organized and edited by J. L. Culhane and C. Jordan.
260 ## - PUBLICATION, DISTRIBUTION, ETC.
Place of publication, distribution, etc. London :
Name of publisher, distributor, etc. Royal Society,
Date of publication, distribution, etc. 1991.
300 ## - PHYSICAL DESCRIPTION
Extent p. 325-495 :
Other physical details ill. ;
Dimensions 25 cm.
504 ## - BIBLIOGRAPHY, ETC. NOTE
Bibliography, etc. note Includes bibliographical references.
610 20 - SUBJECT ADDED ENTRY--CORPORATE NAME
Corporate name or jurisdiction name as entry element Solar Maximum Mission (Project)
Form subdivision Congresses.
650 #0 - SUBJECT ADDED ENTRY--TOPICAL TERM
Topical term or geographic name entry element Solar flares
Form subdivision Congresses.
650 #0 - SUBJECT ADDED ENTRY--TOPICAL TERM
Topical term or geographic name entry element Nuclear astrophysics
Form subdivision Congresses.
700 1# - ADDED ENTRY--PERSONAL NAME
Personal name Culhane, J. Leonard.
700 1# - ADDED ENTRY--PERSONAL NAME
Personal name Jordan, C.
907 ## - LOCAL DATA ELEMENT G, LDG (RLIN)
a .b10105700
b 08-01-04
c 07-01-04
942 ## - ADDED ENTRY ELEMENTS (KOHA)
Koha item type Ordinary Loan Books
Call number prefix QB460.527.7
Holdings
Date last seen Total Checkouts Full call number Barcode Cost, replacement price Price effective from Koha item type Lost status Source of classification or shelving scheme Damaged status Not for loan Collection Withdrawn status Home library Current library Shelving location Date acquired Cost, normal purchase price
01/23/2023   QB460.527.7 PHY 92003014554 80.00 01/23/2023 BOOKS   LCC     NFIC   MAIN MAIN GEN 01/23/2023 80.00